Mi diccionario de economía : entender, posicionarse, debatir /

Saved in:
書目詳細資料
主要作者: Porcher, Thomas (Author)
其他作者: Ortiz Hernández, Alejandra (Translator)
格式: 電子 電子書
語言:西班牙语
法语
出版: Ciudad de México : Fondo de Cultura Económica, 2024.
版:Primera edición en libro electrónico.
叢編:Breviarios del Fondo de Cultura Económica ; 623.
主題:
在線閱讀:Digitalia Hispánica
標簽: 添加標簽
沒有標簽, 成為第一個標記此記錄!

MARC

LEADER 00000nam a2200000Ii 4500
001 DIGFCE2619
003 NyNyDIG
006 m o d
007 cr |||||||||||
008 250204s2024 mx ob 000 0 spa d
035 |a (OCoLC)1452782431 
040 |a DGITA  |b eng  |e rda  |e pn  |c DGITA 
020 |a 9786071683458  |q (ePub) 
020 |a 9786071683564  |q (mobi) 
020 |z 9786071682888  |q (rústico) 
041 1 |a spa  |h fre 
050 1 4 |a HB61 ebook 
100 1 |a Porcher, Thomas,  |e author. 
240 1 0 |a Mon dictionnaire d'économie.  |l Spanish  |s (Ortiz Hernández) 
245 1 0 |a Mi diccionario de economía :  |b entender, posicionarse, debatir /  |c Thomas Porcher ; traducción de Alejandra Ortiz Hernández. 
250 |a Primera edición en libro electrónico. 
264 1 |a Ciudad de México :  |b Fondo de Cultura Económica,  |c 2024. 
300 |a 1 online resource. 
336 |a text  |b txt  |2 rdacontent 
337 |a computer  |b c  |2 rdamedia 
338 |a online resource  |b cr  |2 rdacarrier 
347 |a text file  |2 rdaft 
347 |b EPUB 
490 1 |a Breviarios ;  |v 623 
504 |a Includes bibliographical references. 
588 0 |a Online resource; title from ePub title page (Digitalia, viewed February 4, 2025) 
650 0 |a Economics  |v Dictionaries  |x French. 
700 1 |a Ortiz Hernández, Alejandra,  |e translator. 
700 1 |i Translation of:  |a Porcher, Thomas.  |t Mon dictionnaire d'économie. 
791 2 |a Digitalia (Firm),  |e distributor. 
793 0 |g Digitalia eBook Collection:  |a Fondo de Cultura Económica 
776 0 8 |i Print version:  |a Porcher, Thomas.  |s Mon dictionnaire d'économie. Spanish (Ortiz Hernández).  |t Mi diccionario de economía.  |b Primera edición en español.  |d Ciudad de México : Fondo de Cultura Económica, 2024  |z 9786071682888 
830 0 |a Breviarios del Fondo de Cultura Económica ;  |v 623. 
856 4 0 |3 Digitalia Hispánica  |u https://digitalia.unach.elogim.com/a/161171/ 
910 |a Premium collection: 2025